| 000 | 00573cam a2200193 a 4500 | ||
|---|---|---|---|
| 020 | _a0072282290 | ||
| 040 | _cDLC | ||
| 082 | 0 | 0 | _a599 HILL 2000 A030 Or. |
| 100 | 1 | _aStein, Philip L. | |
| 245 | 1 | 0 | _aPhysical anthropology / |
| 250 | _a7th ed. | ||
| 260 |
_aBoston : _bMcGraw-Hill, _c2000. |
||
| 300 |
_axviii, 510 p. : _bill. (some col.) ; _c26 cm. |
||
| 650 | 0 | _aPhysical anthropology. | |
| 700 | 1 | _aRowe, Bruce M. | |
| 856 | 4 | 2 | _uhttp://www.loc.gov/catdir/description/mh023/99015559.html |
| 856 | 4 | 1 | _uhttp://www.loc.gov/catdir/toc/mh023/99015559.html |
| 942 | _cEK | ||
| 999 |
_c11456 _d11456 |
||